• 首页
  • 本馆介绍
  • 公告通知
  • 最新文献
  • 馆藏检索
  • 电子资源
  • 读者导购
  • 参考咨询
  • 我的图书馆
  • 登录
  • 详细信息显示
  • 放入我的书架
  • 预约/预借图书
  • 作者相关作品
  • 分类相关作品
  • 丛书相关作品
  • 出版社相关作品

书目信息

  • 表格格式
  • 工作单格式
  • 卡片格式
题名:
国家创新系统与学术评价
    
 
作者: 胡显章 主编
分册:  
出版信息: 济南   山东教育出版社  2000
页数: 353页
开本: 20cm
丛书名:
单 册:
中图分类: F204
科图分类:
主题词: 国民经济--经济管理
电子资源:
ISBN: 7-5328-3032-2
000 00686nam0 2200205 450
001 0740416220
005 20070730090215.57
010    @a7-5328-3032-2@dCNY15.80
100    @a20070727d2000 km y0chiy0120 ea
101 0  @achi
102    @aCN@b370000
200 1  @a国家创新系统与学术评价@Aguo jia chuang xin xi tong yu xue shu ping jia@e学术的国际化与自主性@f胡显章等主编@Fhu xian zhang deng zhu bian
210    @a济南@c山东教育出版社@d2000
215    @a353页@d20cm
517 1  @a学术的国际化与自主性@Axue shu de guo ji hua yu zi zhu xing
606 0  @a国民经济@x经济管理
690    @aF204@v3
701  0 @a胡显章@Ahu xian zhang@4主编
801  0 @aCN@bPFT@c20070730
905    @a10447@dF204@e80
    
    国家创新系统与学术评价:学术的国际化与自主性/胡显章等主编.-济南:山东教育出版社,2000
    353页;20cm
    
    
    ISBN 7-5328-3032-2:CNY15.80
    
●
相关链接 在E读中查询图书 在五车中查询图书 在当当中查询图书 在豆瓣中查询图书


正题名:国家创新系统与学术评价     索取号:F204/80         预约/预借

序号 登录号 条形码 馆藏地/架位号 状态 备注
1 0784897   207848971   第一样本阅览室/ [索取号:F204/80] 在馆    
唐山师范学院图书馆 欢迎您!
大连网信软件有限公司© 版权所有